00471nam a2200133Ia 450000500170000000800410001702000150005808200230007310000280009624500610012426000460018530000190023150000870025020250312010546.0240331s9999 xx 000 0 und d a8187477009 26634a894.811bVEN aVenkatachalapathy, A. R 0aAntha Kalathil Kappi Illai:bMuthalana Aaivu Katturaigal aNagercoil,bKalachuvadu Pathippagamc2000 a232 p., (C II) aEssays examining the socio-cultural changes in the formation of modern Tamil Nadu.